banner koha

Produtividade de sistemas forrageiros consorciados com amendoim forrageiro ou trevo vermelho (Registro n. 224683)

MARC details
000 -LÍDER
campo de controle de tamanho fixo 01024nas a2200349 4500
001 - NÚMERO DE CONTROLE
campo de controle BR2012009664
003 - IDENTIFICADOR DO NÚMERO DE CONTROLE
campo de controle BR-BrBNA
005 - DATA E HORÁRIO DA ÚLTIMA TRANSAÇÃO
campo de controle 20231205121657.0
007 - CAMPO FIXO DE DESCRIÇÃO FÍSICA--INFORMAÇÃO GERAL
campo de controle de tamanho fixo ta
008 - CAMPO DE DADOS FIXOS--INFORMAÇÃO GERAL
campo de controle de tamanho fixo 230509b bl.|||p| |||| 00| 00por d
040 ## - FONTE DA CATALOGAÇÃO
Instituição da catalogação original BR-BrBNA
Idioma da catalogação por
Instituição que transcreveu o registro Biblioteca Nacional de Agricultura
041 ## - CÓDIGO DE IDIOMA
Código do idioma do texto/trilha sonora ou título diferente (Pt)
072 ## - CÓDIGO DE CATEGORIA DE ASSUNTO
Código de Categoria de Assunto L01
100 1# - ENTRADA PRINCIPAL--NOME PESSOAL
Nome pessoal Azevedo Junior, R.L. de
100 1# - ENTRADA PRINCIPAL--NOME PESSOAL
Nome pessoal Olivo, C.J.
100 1# - ENTRADA PRINCIPAL--NOME PESSOAL
Nome pessoal Meinerz, G.R.
100 1# - ENTRADA PRINCIPAL--NOME PESSOAL
Nome pessoal Agnolin, C.A.
100 1# - ENTRADA PRINCIPAL--NOME PESSOAL
Nome pessoal Diehl, M.S.
100 1# - ENTRADA PRINCIPAL--NOME PESSOAL
Nome pessoal Moro, G.
100 1# - ENTRADA PRINCIPAL--NOME PESSOAL
Nome pessoal Parra, C.L.C.
100 1# - ENTRADA PRINCIPAL--NOME PESSOAL
Nome pessoal Quatrin, M.P.
100 1# - ENTRADA PRINCIPAL--NOME PESSOAL
Nome pessoal Horst, T.
245 1# - TÍTULO
Título Produtividade de sistemas forrageiros consorciados com amendoim forrageiro ou trevo vermelho
650 ## - ASSUNTO--TERMO TÓPICO
Cabeçalho tópico ou nome geográfico GADO LEITEIRO
650 ## - ASSUNTO--TERMO TÓPICO
Cabeçalho tópico ou nome geográfico CAPIM ELEFANTE
650 ## - ASSUNTO--TERMO TÓPICO
Cabeçalho tópico ou nome geográfico LEGUMINOSA FORRAGEIRA
650 ## - ASSUNTO--TERMO TÓPICO
Cabeçalho tópico ou nome geográfico PRODUTIVIDADE
650 ## - ASSUNTO--TERMO TÓPICO
Cabeçalho tópico ou nome geográfico PASTEJO ROTATIVO
773 0# - ENTRADA ANALÍTICA
Título Ciência Rural (Brazil)
ISSN - International Standard Serial Number ISSN 0103-8478
Partes relacionadas (Nov 2012), v. 42(11) p. 2043-2050
Número de controle do registro BR2012009664
909 ## -
-- 202311
-- Lúcia
-- 55
-- Lúcia Elande
942 ## - ELEMENTOS DE ENTRADA ADICIONADOS (KOHA)
Fonte da classificação ou esquema de arquivamento na estante Classificação AGRIS
Ocultar no OPAC Não
Tipo de material Koha Analítica
Exemplares
Situação do descarte Fonte da classificação ou esquema de arquivamento na estante Situação física Não pode ser emprestado Biblioteca de origem Biblioteca atual Localização na estante Enumeração do periódico / cronologia Total de empréstimos Data de último acesso Número do exemplar Tipo de material Koha Fonte de aquisição
  Classificação AGRIS   Consulta local Biblioteca Nacional de Agricultura - Binagri Biblioteca Nacional de Agricultura - Binagri   (Nov 2012), v. 42(11) p. 2043-2050   29/11/2023 01 Periódicos Portaria Interministerial nº 164/94

BINAGRI

Telefone: (61)3218-2567/2388/3357/2097 - binagri@agro.gov.br

Ministério da Agricultura e Pecuária , Esplanada dos Ministérios, Bloco D, Anexo B, Brasília/DF, CEP: 70.043-900